Starting to count / (Record no. 106233)
[ view plain ]
| 000 -LEADER | |
|---|---|
| fixed length control field | 00420nam a2200157 a 4500 |
| 005 - DATE AND TIME OF LATEST TRANSACTION | |
| control field | 20140412111426.0 |
| 008 - FIXED-LENGTH DATA ELEMENTS--GENERAL INFORMATION | |
| fixed length control field | 090629s19uu xx 00 eng d |
| 020 ## - INTERNATIONAL STANDARD BOOK NUMBER | |
| International Standard Book Number | 0-7498-4446-9 |
| 050 ## - LIBRARY OF CONGRESS CALL NUMBER | |
| Classification number | M 510.7 |
| Item number | M82 1998 |
| 100 ## - MAIN ENTRY--PERSONAL NAME | |
| Personal name | Morgan, Nicola |
| 245 ## - TITLE STATEMENT | |
| Title | Starting to count / |
| Statement of responsibility, etc | Nicola Morgan. |
| 260 ## - PUBLICATION, DISTRIBUTION, ETC. (IMPRINT) | |
| Place of publication, distribution, etc | Great Britain : |
| Name of publisher, distributor, etc | Egmont world limited, |
| Date of publication, distribution, etc | 1998. |
| 300 ## - PHYSICAL DESCRIPTION | |
| Extent | 32p. |
| 440 ## - SERIES STATEMENT/ADDED ENTRY--TITLE | |
| Title | I can learn |
| Withdrawn status | Lost status | Damaged status | Home library | Current library | Shelving location | Date acquired | Source of acquisition | Cost, normal purchase price | Total Checkouts | Full call number | Barcode | Date last seen | Price effective from | Koha item type |
|---|---|---|---|---|---|---|---|---|---|---|---|---|---|---|
| Elizalde Library | Elizalde Library | Main Section | 06/29/2009 | 50.00 | M 510.7 M82 1998 | E11467 | 04/12/2014 | 04/12/2014 | Books |